01051nam a2200277 a 4500001001200000003000800012006001900020007001500039008004100054020001800095040002100113035002100134050002400155100001800179245008400197250001200281260005000293300001900343504004100362533015200403650002900555655002900584710001700613856012600630999001700756ebr10416266CaPaEBRm u cr cn|||||||||101015s2010 ii a sb 000 0 eng d z9788184885583 aCaPaEBRcCaPaEBR a(OCoLC)69631885314aHD58.7b.S83 2010eb1 aSubba Rao, P.10aManagement and organisational behaviourh[electronic resource] /cP. Subba Rao. a1st ed. aMumbai [India] :bHimalaya Pub. House,c2010. a435 p. :bill. aIncludes bibliographical references. aElectronic reproduction.bPalo Alto, Calif. :cebrary,d2010.nAvailable via World Wide Web.nAccess may be limited to ebrary affiliated libraries. 0aOrganizational behavior. 7aElectronic books.2local2 aebrary, Inc.40uhttp://site.ebrary.com/lib/rucke/Doc?id=10416266zAn electronic book accessible through the World Wide Web; click to view c84250d84250